|
|
|
|
| LEADER |
01174nam a2200325 a 4500 |
| 001 |
000580397 |
| 003 |
CZ BrMZK |
| 005 |
20120417082522.0 |
| 007 |
ta |
| 008 |
011204s2001 xr g f cze d |
| 015 |
|
|
|a cnb001036422
|
| 020 |
|
|
|a 80-7257-432-9
|
| 035 |
|
|
|a (OCoLC)50340980
|
| 040 |
|
|
|a BOA001
|b cze
|
| 041 |
1 |
|
|a cze
|h eng
|
| 072 |
|
7 |
|a 821.111(73)-3
|x Americká próza
|2 Konspekt
|9 25
|
| 080 |
|
|
|a 821.111(73)-31
|2 MRF
|
| 080 |
|
|
|a (0:82-31)
|2 MRF
|
| 100 |
1 |
|
|a Patterson, Richard North,
|d 1947-
|7 xx0001276
|4 aut
|
| 245 |
1 |
0 |
|a Tichý svědek /
|c Richard North Patterson ; [z anglického originálu] přeložila Miroslava Nevrlová
|
| 250 |
|
|
|a 1. vyd. v českém jazyce
|
| 260 |
|
|
|a Praha :
|b BB art,
|c 2001
|
| 300 |
|
|
|a 458 s. ;
|c 22 cm
|
| 655 |
|
7 |
|a americké romány
|7 fd131796
|2 czenas
|
| 700 |
1 |
|
|a Nevrlová, Miroslava
|7 jn20001103807
|4 trl
|
| 765 |
0 |
|
|t Silent witness
|
| 856 |
4 |
1 |
|u http://www.digitalniknihovna.cz/mzk/uuid/uuid:60a1e120-3405-11e4-8f64-005056827e52
|y Digitalizovaný dokument
|x NDK
|
| 910 |
|
|
|a BOA001
|b 2-1096.341
|
| 990 |
|
|
|a BK
|
| 996 |
6 |
|
|b 2610150463
|c 2-1096.341
|l MZK
|r Sklad / do 1 hodiny
|n 3
|p p.v.
|w 000580397
|u 000010
|a 1
|e BOA001
|j MZK50
|s P
|